000
00252nam a2200097Ia 4500
008
230907s9999||||xx |||||||||||||| ||und||
082
_a
665.37
_b
AMI
245
0
_a
Biodiesel : production and properties
260
_a
RSC publishing
_b
UK
_c
2012
942
_c
BK
999
_c
596281
_d
596281